| 000 | 00356nam a2200145Ia 4500 | ||
|---|---|---|---|
| 008 | 150201s1984 xx 000 0 und d | ||
| 082 |
_a617.6 _bC1984R |
||
| 100 | _aROOS,P.W. | ||
| 245 | _aCLINICAL ORAL MICROBIOLOGY | ||
| 250 | _a1ST | ||
| 260 |
_bBLACKWELL SCIENCE PUB. _aEDINBURGH _c1984 |
||
| 300 | _a1-170 | ||
| 650 | _aMICROBIOLOGY | ||
| 942 |
_2ddc _cBK |
||
| 999 |
_c3142 _d3142 |
||